| 000 | 00961nam0a22002411 4500 | ||
|---|---|---|---|
| 001 | rc\4652510 | ||
| 005 | 20260408084020.0 | ||
| 021 |
_aRU _bРг1401-58 |
||
| 035 | _a(NLR Aleph) 008413096 | ||
| 090 |
_a9309092 _c9309092 |
||
| 100 | _a20130416d1958 |||y0rusy50 ca | ||
| 101 | 0 | _arus | |
| 102 | _aRU | ||
| 105 | _ay z ||||| | ||
| 200 | 1 |
_aСоциалистическое соревнование районов, МТС, колхозов и совхозов в борьбе за подъем животноводства _eИтоги за 1957 год _fЛенингр. обл. упр. сел. хоз-ва |
|
| 210 |
_aЛенинград _cЛениздат _d1958 |
||
| 215 |
_a112 с. _d20 |
||
| 712 | 0 | 2 |
_aЛенинградское областное управление сельского хозяйства _3RU\NLR\AUTH\8810178852 _9853803 |
| 801 | 0 |
_aRU _bNLR _gpsbo |
|
| 801 | 1 |
_aRU _bELAR _2rusmarc |
|
| 852 |
_aNLR _j58-3/1252 |
||
| 942 | _cBOOK | ||
| 980 | _aNB | ||